[Event "Mittelfrank Regionalliga Nord-West 2223"]
[Site "Mittelfranken"]
[Date "2023.03.05"]
[Round "7.6"]
[White "Fischer, Emil"]
[Black "Hientz, Werner"]
[Result "0-1"]
[WhiteElo "1957"]
[BlackElo "1846"]
[PlyCount "30"]
[EventDate "2022.10.09"]
[EventType "team-tourn"]
[EventRounds "9"]
[EventCountry "GER"]
[SourceTitle "EXT 2024"]
[Source "ChessBase"]
[SourceDate "2023.10.10"]
[SourceVersion "1"]
[SourceVersionDate "2023.10.10"]
[SourceQuality "1"]
[WhiteTeam "Schweinfurt"]
[BlackTeam "Marktleuthen"]
[WhiteTeamCountry "GER"]
[BlackTeamCountry "GER"]

1. e4 c5 2. Nc3 d6 3. f4 g6 4. Nf3 Bg7 5. Bc4 e6 6. 0-0 Ne7 7. Qe1 0-0 8. d3 Nbc6 9. f5 d5 10. Bb3 exf5 11. exd5 Bxc3 12. Qxc3 Nxd5 13. Bxd5 Qxd5 14. Bh6 Nd4 15. Bxf8 Ne2+ 0-1

[Event "Regionalliga NW 1112"]
[Site "Bayern"]
[Date "2012.04.15"]
[Round "9.7"]
[White "Hientz, Werner"]
[Black "Koch, Stefan1111"]
[Result "1/2-1/2"]
[WhiteElo "1897"]
[BlackElo "1873"]
[PlyCount "36"]
[EventDate "2011.10.02"]
[EventType "team-tourn"]
[EventRounds "9"]
[EventCountry "GER"]
[SourceTitle "EXT 2015"]
[Source "ChessBase"]
[SourceDate "2014.11.20"]
[SourceVersion "1"]
[SourceVersionDate "2014.11.20"]
[SourceQuality "1"]
[WhiteTeam "Marktleuthen"]
[BlackTeam "Kirchenlaibach"]
[WhiteTeamCountry "GER"]
[BlackTeamCountry "GER"]

1. c4 Nf6 2. Nc3 e6 3. Nf3 d5 4. cxd5 exd5 5. d4 c6 6. g3 Bd6 7. Bg2 0-0 8. 0-0 Re8 9. Re1 Nbd7 10. Nd2 Nf8 11. e4 dxe4 12. Ndxe4 Nxe4 13. Rxe4 Rxe4 14. Nxe4 Be7 15. Nc3 Be6 16. d5 cxd5 17. Bxd5 Bxd5 18. Qxd5 Qxd5 1/2-1/2

[Event "Regionalliga NW 1011"]
[Site "Bayern"]
[Date "2011.04.10"]
[Round "9.8"]
[White "Schulz, Lukas"]
[Black "Hientz, Werner"]
[Result "1/2-1/2"]
[WhiteElo "1673"]
[BlackElo "1898"]
[PlyCount "80"]
[EventDate "2010.10.10"]
[EventType "team-tourn"]
[EventRounds "9"]
[EventCountry "GER"]
[SourceTitle "EXT 2012"]
[Source "ChessBase"]
[SourceDate "2011.11.24"]
[SourceVersion "1"]
[SourceVersionDate "2011.11.24"]
[SourceQuality "1"]
[WhiteTeam "Hoechstadt/Aisch"]
[BlackTeam "Marktleuthen"]
[WhiteTeamCountry "GER"]
[BlackTeamCountry "GER"]

1. e4 c5 2. Nf3 d6 3. d4 cxd4 4. Nxd4 Nf6 5. f3 g6 6. Be3 Bg7 7. c4 Nbd7 8. Nc3 0-0 9. Be2 a6 10. 0-0 Nc5 11. Qd2 Ne6 12. Nc2 Bd7 13. Nb4 Bc6 14. Nbd5 Bxd5 15. Nxd5 Nxd5 16. cxd5 Nc5 17. Rac1 Rc8 18. Rc2 Nd7 19. Rfc1 Rxc2 20. Qxc2 b5 21. b4 Qa8 22. Qc6 Nf6 23. a4 bxa4 24. Bxa6 a3 25. Bb7 Qb8 26. Rc2 Ne8 27. Ra2 Bb2 28. b5 Ng7 29. b6 f5 30. Qc7 fxe4 31. fxe4 Qe8 32. Bc6 Qf7 33. Bb5 Nf5 34. Bc1 Bd4+ 35. Kh1 Ne3 36. h3 Nf1 37. Rxa3 Ng3+ 38. Rxg3 Qf1+ 39. Bxf1 Rxf1+ 40. Kh2 Bg1+ 1/2-1/2

[Event "Regionalliga NW 1011"]
[Site "Bayern"]
[Date "2011.01.16"]
[Round "5.7"]
[White "Hientz, Werner"]
[Black "Zoeller, Bernd"]
[Result "1/2-1/2"]
[WhiteElo "1898"]
[BlackElo "1867"]
[PlyCount "44"]
[EventDate "2010.10.10"]
[EventType "team-tourn"]
[EventRounds "9"]
[EventCountry "GER"]
[SourceTitle "EXT 2012"]
[Source "ChessBase"]
[SourceDate "2011.11.24"]
[SourceVersion "1"]
[SourceVersionDate "2011.11.24"]
[SourceQuality "1"]
[WhiteTeam "Marktleuthen"]
[BlackTeam "Klingenberg"]
[WhiteTeamCountry "GER"]
[BlackTeamCountry "GER"]

1. c4 e5 2. Nc3 Nf6 3. Nf3 Nc6 4. g3 d6 5. Bg2 Be7 6. 0-0 0-0 7. d4 exd4 8. Nxd4 Bd7 9. b3 Ng4 10. Nd5 Re8 11. e3 Bf8 12. Nxc6 bxc6 13. Nc3 Qg5 14. h3 Nf6 15. Qd4 Qh5 16. Re1 c5 17. Qd1 Qxd1 18. Rxd1 Rac8 19. Bb2 a6 20. Kh2 Rb8 21. Nd5 Nxd5 22. Bxd5 g6 1/2-1/2

[Event "Regionalliga NW 1011"]
[Site "Bayern"]
[Date "2010.12.12"]
[Round "4.8"]
[White "Hientz, Werner"]
[Black "Eckert, Leo"]
[Result "1/2-1/2"]
[WhiteElo "1898"]
[BlackElo "1895"]
[PlyCount "80"]
[EventDate "2010.10.10"]
[EventType "team-tourn"]
[EventRounds "9"]
[EventCountry "GER"]
[SourceTitle "EXT 2012"]
[Source "ChessBase"]
[SourceDate "2011.11.24"]
[SourceVersion "1"]
[SourceVersionDate "2011.11.24"]
[SourceQuality "1"]
[WhiteTeam "Marktleuthen"]
[BlackTeam "Kitzingen"]
[WhiteTeamCountry "GER"]
[BlackTeamCountry "GER"]

1. c4 Nf6 2. Nc3 c5 3. Nf3 b6 4. g3 Bb7 5. Bg2 e6 6. 0-0 Be7 7. d4 cxd4 8. Nxd4 Bxg2 9. Kxg2 0-0 10. e3 Nc6 11. Nxc6 dxc6 12. b3 Qxd1 13. Rxd1 Rfd8 14. Bb2 Kf8 15. Kf3 Rxd1 16. Rxd1 Rd8 17. Rxd8+ Bxd8 18. Ne2 Ke8 19. Bxf6 Bxf6 20. Ke4 Kd7 21. f4 h5 22. Nc1 Kd6 23. Nd3 Bc3 24. h3 f5+ 25. Kf3 Bf6 26. e4 Kd7 27. a4 Bd4 28. g4 hxg4+ 29. hxg4 g6 30. b4 Ke7 31. e5 Kf7 32. b5 c5 33. Nc1 Bb2 34. Ne2 Ke7 35. g5 Ba3 36. Nc3 Bb2 37. Ne2 Ba3 38. Ke3 Bb4 39. Kd3 Kd7 40. Ng1 Ke7 1/2-1/2

[Event "Landesliga Nord 0405"]
[Site "Bayern"]
[Date "2004.11.14"]
[Round "2.8"]
[White "Herzog, Klaus"]
[Black "Hientz, Werner"]
[Result "1/2-1/2"]
[WhiteElo "2113"]
[BlackElo "1980"]
[PlyCount "27"]
[EventDate "2004.10.24"]
[EventType "team-tourn"]
[EventRounds "9"]
[EventCountry "GER"]
[SourceTitle "EXT 2008"]
[Source "ChessBase"]
[SourceDate "2007.11.25"]
[SourceVersion "1"]
[SourceVersionDate "2007.11.25"]
[SourceQuality "1"]
[WhiteTeam "Regensburg Fortuna II"]
[BlackTeam "Marktleuthen"]
[WhiteTeamCountry "GER"]
[BlackTeamCountry "GER"]

1. c4 c5 2. Nc3 Nc6 3. g3 g6 4. Bg2 Bg7 5. Nf3 e6 6. 0-0 Nge7 7. d3 0-0 8. Be3 b6 9. Qc1 d5 10. Bh6 Bb7 11. Bxg7 Kxg7 12. b3 h6 13. e3 Qd7 14. Qb2 1/2-1/2

[Event "Regionalliga NW 0203"]
[Site "Bayern"]
[Date "2003.02.23"]
[Round "7.7"]
[White "Wuest, Michael"]
[Black "Hientz, Werner"]
[Result "1/2-1/2"]
[WhiteElo "1921"]
[BlackElo "1975"]
[PlyCount "84"]
[EventDate "2002.10.20"]
[EventType "team-tourn"]
[EventRounds "9"]
[EventCountry "GER"]
[SourceTitle "EXT 2004"]
[Source "ChessBase"]
[SourceDate "2003.11.25"]
[SourceVersion "1"]
[SourceVersionDate "2003.11.25"]
[SourceQuality "1"]
[WhiteTeam "Hof"]
[BlackTeam "Marktleuthen"]
[WhiteTeamCountry "GER"]
[BlackTeamCountry "GER"]

1. e4 c5 2. Nc3 d6 3. g3 Nf6 4. Bg2 Nc6 5. d3 g6 6. f4 Bg7 7. Nf3 Bg4 8. h3 Bxf3 9. Bxf3 0-0 10. 0-0 Rb8 11. Rb1 Nd4 12. Bg2 b5 13. Ne2 Nxe2+ 14. Qxe2 Ne8 15. c3 a5 16. a3 b4 17. axb4 axb4 18. Bd2 Nc7 19. Kh2 Nb5 20. Rbc1 Qd7 21. f5 f6 22. h4 e6 23. Bh3 exf5 24. exf5 Qe8 25. Qf3 bxc3 26. bxc3 Nc7 27. Rce1 Qf7 28. c4 Rfe8 29. Bf4 Bf8 30. Qc6 Rb2+ 31. Kh1 Rbe2 32. Rxe2 Rxe2 33. Bxd6 Bxd6 34. Qxd6 Ne8 35. Qxc5 g5 36. Qd5 Qxd5+ 37. cxd5 Re3 38. hxg5 Rxd3 39. gxf6 Nxf6 40. Bg2 Rxg3 41. Rd1 Rg5 42. Rf1 Rg4 1/2-1/2

[Event "Regionalliga NW 0203"]
[Site "Bayern"]
[Date "2003.01.12"]
[Round "4.7"]
[White "Hientz, Werner"]
[Black "Stauch, Frank"]
[Result "1/2-1/2"]
[WhiteElo "1975"]
[BlackElo "2000"]
[PlyCount "54"]
[EventDate "2002.10.20"]
[EventType "team-tourn"]
[EventRounds "9"]
[EventCountry "GER"]
[SourceTitle "EXT 2004"]
[Source "ChessBase"]
[SourceDate "2003.11.25"]
[SourceVersion "1"]
[SourceVersionDate "2003.11.25"]
[SourceQuality "1"]
[WhiteTeam "Marktleuthen"]
[BlackTeam "Kronach"]
[WhiteTeamCountry "GER"]
[BlackTeamCountry "GER"]

1. c4 e5 2. Nc3 Nc6 3. Nf3 f5 4. d3 Nf6 5. g3 Bb4 6. Bd2 0-0 7. Nd5 Bxd2+ 8. Nxd2 d6 9. Bg2 Kh8 10. 0-0 Nd4 11. e3 Ne6 12. f4 c6 13. Nxf6 Qxf6 14. Nf3 exf4 15. exf4 Nd4 16. b3 Bd7 17. Kh1 Rae8 18. Nxd4 Qxd4 19. Qc2 Re3 20. Rad1 Rfe8 21. Qf2 R8e6 22. Bf3 Re8 23. Kg2 c5 24. Rfe1 Rxe1 25. Rxe1 Qxf2+ 26. Kxf2 Rxe1 27. Kxe1 b6 1/2-1/2

[Event "Regionalliga NW 0203"]
[Site "Bayern"]
[Date "2002.11.17"]
[Round "2.6"]
[White "Lorke, Christian"]
[Black "Hientz, Werner"]
[Result "1/2-1/2"]
[WhiteElo "1907"]
[BlackElo "1977"]
[PlyCount "81"]
[EventDate "2002.10.20"]
[EventType "team-tourn"]
[EventRounds "9"]
[EventCountry "GER"]
[SourceTitle "EXT 2004"]
[Source "ChessBase"]
[SourceDate "2003.11.25"]
[SourceVersion "1"]
[SourceVersionDate "2003.11.25"]
[SourceQuality "1"]
[WhiteTeam "Coburg"]
[BlackTeam "Marktleuthen"]
[WhiteTeamCountry "GER"]
[BlackTeamCountry "GER"]

1. g3 e6 2. Bg2 d5 3. d3 Nf6 4. Nc3 Be7 5. e4 dxe4 6. Nxe4 Nxe4 7. Bxe4 Nd7 8. Be3 Nf6 9. Bg2 c6 10. Nf3 Nd5 11. Qe2 Bf6 12. Bd4 Bxd4 13. Nxd4 Qa5+ 14. Qd2 Qxd2+ 15. Kxd2 0-0 16. f4 Bd7 17. Nb3 b6 18. d4 Rac8 19. c3 Rfd8 20. Rad1 Nf6 21. Kc2 Ng4 22. Rd2 Ne3+ 23. Kc1 Nxg2 24. Rxg2 c5 25. Rd1 c4 26. Nd2 Bc6 27. Rf2 g6 28. Nf3 Bb7 29. Re1 a5 30. Ne5 b5 31. Kd2 b4 32. Ke3 Bd5 33. Rc1 f6 34. Ng4 Kf7 35. Kd2 Rb8 36. Ne3 b3 37. a3 Rbc8 38. Nxd5 Rxd5 39. Re1 Rcd8 40. Rfe2 R8d6 41. Ke3 1/2-1/2

[Event "Regionalliga NW 0001"]
[Site "Bayern"]
[Date "2001.03.11"]
[Round "7"]
[White "Hientz, Werner"]
[Black "Kwossek, Martin"]
[Result "1-0"]
[WhiteElo "1960"]
[BlackElo "1875"]
[PlyCount "187"]
[EventDate "2000.10.15"]
[EventType "team-tourn"]
[EventRounds "9"]
[EventCountry "GER"]
[SourceTitle "EXT 2020"]
[Source "ChessBase"]
[SourceDate "2019.10.17"]
[SourceVersion "1"]
[SourceVersionDate "2019.10.17"]
[SourceQuality "1"]
[WhiteTeam "Marktleuthen"]
[BlackTeam "Kitzingen SC"]
[WhiteTeamCountry "GER"]
[BlackTeamCountry "GER"]

1. c4 e5 2. Nc3 f5 3. g3 Nf6 4. Bg2 Be7 5. e3 c6 6. d4 e4 7. d5 d6 8. f3 exf3 9. Nxf3 0-0 10. 0-0 Qb6 11. Nd4 g6 12. b3 Bd7 13. Bf3 Na6 14. Na4 Qc7 15. Nc3 Nc5 16. Qc2 Rac8 17. Ba3 Rce8 18. Qg2 Qa5 19. Bb2 Nd3 20. dxc6 bxc6 21. Nxc6 Bxc6 22. Bxc6 Rc8 23. Bd5+ Nxd5 24. Nxd5 Bg5 25. Bd4 Ne5 26. Qb2 Nd3 27. Qe2 Ne5 28. h3 h5 29. Rad1 Qa6 30. Qb2 Rce8 31. Rd2 Qb7 32. Qa3 Nc6 33. Qxd6 Nxd4 34. Qxg6+ Qg7 35. Qxg7+ Kxg7 36. Rxd4 Rxe3 37. Kg2 Re2+ 38. Rf2 Re1 39. Nf4 h4 40. gxh4 Be7 41. Rd7 Kh6 42. h5 Bc5 43. Ng6 Rf6 44. Rfd2 Kxh5 45. Nf4+ Kh6 46. Re2 Rg1+ 47. Kf3 Rf1+ 48. Kg3 Bd6 49. Rxd6 Rxd6 50. Re5 Kg5 51. h4+ Kf6 52. Ra5 Rd7 53. Ra6+ Ke5 54. Re6+ Kd4 55. h5 Rh7 56. Rd6+ Ke5 57. Re6+ Kd4 58. Ne2+ Kd3 59. Kg2 Ra1 60. Nf4+ Kd4 61. Re2 a5 62. Kf2 a4 63. bxa4 Kxc4 64. a5 Rb1 65. Re5 Rf7 66. h6 Rb5 67. Ng6 Rb2+ 68. Kf3 Kd4 69. Re6 Rxa2 70. a6 Kd5 71. Nf4+ Kd4 72. Rd6+ Kc5 73. Rg6 Ra3+ 74. Kf2 Kd4 75. Rg7 Rf6 76. Ne2+ Ke4 77. Re7+ Kd5 78. h7 Rh6 79. Nf4+ Kd6 80. Re6+ Rxe6 81. h8Q Re4 82. Qf8+ Ke5 83. Ng6+ Kd4 84. Qxa3 f4 85. a7 Re8 86. Qd6+ Ke4 87. Qxf4+ Kd5 88. Qd2+ Kc6 89. Ne5+ Kb7 90. Qd7+ Ka8 91. Qxe8+ Kxa7 92. Qc6 Kb8 93. Nd7+ Ka7 94. Qb6+ 1-0

[Event "Regionalliga NW 0001"]
[Site "Bayern"]
[Date "2000.12.10"]
[Round "3.6"]
[White "Hientz, Werner"]
[Black "Schmidt Brauns, Joachim"]
[Result "1/2-1/2"]
[WhiteElo "1960"]
[BlackElo "2119"]
[PlyCount "166"]
[EventDate "2000.10.15"]
[EventType "team-tourn"]
[EventRounds "9"]
[EventCountry "GER"]
[SourceTitle "EXT 2020"]
[Source "ChessBase"]
[SourceDate "2019.10.17"]
[SourceVersion "1"]
[SourceVersionDate "2019.10.17"]
[SourceQuality "1"]
[WhiteTeam "Marktleuthen"]
[BlackTeam "Wuerzburg II"]
[WhiteTeamCountry "GER"]
[BlackTeamCountry "GER"]

1. c4 e6 2. Nc3 d5 3. cxd5 exd5 4. d4 c6 5. g3 Bd6 6. Bg2 Bf5 7. a3 Nf6 8. Bg5 h6 9. Bxf6 Qxf6 10. e3 Nd7 11. Nge2 0-0-0 12. Rc1 Kb8 13. 0-0 Qe6 14. Nf4 Bxf4 15. exf4 g5 16. Qd2 Qf6 17. Rfe1 Be6 18. Ne2 Nf8 19. Rc3 Ng6 20. Rf3 g4 21. Rb3 h5 22. Qb4 Bc8 23. Nc1 h4 24. Nd3 Rhe8 25. Rxe8 Rxe8 26. Ne5 Nxe5 27. fxe5 Qh6 28. gxh4 Rh8 29. Qc3 b6 30. Qe3 Qxh4 31. Qg3 Kb7 32. Rc3 Qh7 33. Rc1 Bf5 34. Rc3 Qh6 35. Re3 a5 36. b3 Qf8 37. a4 Qa3 38. Qf4 Qc1+ 39. Bf1 Qb1 40. Rc3 Be6 41. Qd2 Qh7 42. f4 gxf3 43. Rxf3 Qe4 44. Qf2 Rg8+ 45. Rg3 Rxg3+ 46. hxg3 Kc7 47. Qd2 Qf3 48. Qd3 Bg4 49. Qa6 Qxg3+ 50. Bg2 Bc8 51. Qf1 Qg6 52. Kh2 Kb7 53. Qf4 Be6 54. Qh4 Bd7 55. Qd8 Qe6 56. Qf8 Qe8 57. Qg7 Qe7 58. Qh6 Qb4 59. Qe3 Qe7 60. Qh6 Bf5 61. Kg3 Qe6 62. Qf8 Qd7 63. b4 Ka7 64. bxa5 bxa5 65. Qc5+ Ka8 66. Qxa5+ Qa7 67. Qb4 Be6 68. a5 Qb7 69. Qf8+ Qb8 70. Qc5 Qb5 71. Qc3 Kb7 72. Kf2 Qa4 73. Bf1 Qa2+ 74. Ke3 Bc8 75. a6+ Kc7 76. Bb5 Bd7 77. Bd3 Bc8 78. Qc5 Qa4 79. Qa7+ Kd8 80. Qxf7 Bxa6 81. e6 Qa3 82. e7+ Qxe7+ 83. Qxe7+ Kxe7 1/2-1/2

[Event "Regionalliga NW 0001"]
[Site "Bayern"]
[Date "2000.11.12"]
[Round "2.8"]
[White "Wuttig, Michael"]
[Black "Hientz, Werner"]
[Result "1/2-1/2"]
[WhiteElo "1985"]
[BlackElo "1960"]
[PlyCount "84"]
[EventDate "2000.10.15"]
[EventType "team-tourn"]
[EventRounds "9"]
[EventCountry "GER"]
[SourceTitle "EXT 2020"]
[Source "ChessBase"]
[SourceDate "2019.10.17"]
[SourceVersion "1"]
[SourceVersionDate "2019.10.17"]
[SourceQuality "1"]
[WhiteTeam "Burgsinn"]
[BlackTeam "Marktleuthen"]
[WhiteTeamCountry "GER"]
[BlackTeamCountry "GER"]

1. Nf3 d5 2. b3 e6 3. e3 Nf6 4. Bb2 c6 5. d4 Nbd7 6. Bd3 Bd6 7. 0-0 0-0 8. c4 h6 9. Nc3 Re8 10. Ne5 Bxe5 11. dxe5 Nxe5 12. Qe2 Nxd3 13. Qxd3 b6 14. Rfd1 Ba6 15. Qc2 Qe7 16. cxd5 cxd5 17. Rac1 Rac8 18. Qd2 Qb4 19. Rc2 Red8 20. Rdc1 Bb7 21. f3 a6 22. Na4 Qxd2 23. Rxd2 Rxc1+ 24. Bxc1 Nd7 25. Rc2 Rc8 26. Rxc8+ Bxc8 27. Ba3 Bb7 28. Bd6 Bc6 29. Nb2 f6 30. Kf2 Kf7 31. Bc7 e5 32. a4 Ke6 33. Nd3 g6 34. g3 h5 35. h4 Kf7 36. Ke2 Ke6 37. Kf2 g5 38. hxg5 fxg5 39. f4 exf4 40. exf4 g4 41. Ne5 Nxe5 42. Bxe5 b5 1/2-1/2

[Event "Regionalliga NW 9900"]
[Site "Bayern"]
[Date "2000.??.??"]
[Round "5.6"]
[White "Gutzeit, Kurt"]
[Black "Hientz, Werner"]
[Result "0-1"]
[WhiteElo "1965"]
[BlackElo "1970"]
[PlyCount "75"]
[EventDate "1999.??.??"]
[EventType "team-tourn"]
[EventRounds "9"]
[EventCountry "GER"]
[SourceTitle "EXT 2020"]
[Source "ChessBase"]
[SourceDate "2019.10.17"]
[SourceVersion "1"]
[SourceVersionDate "2019.10.17"]
[SourceQuality "1"]
[WhiteTeam "Burgsinn"]
[BlackTeam "Marktleuthen"]
[WhiteTeamCountry "GER"]
[BlackTeamCountry "GER"]

1. d4 d5 2. c4 e6 3. Nc3 Nf6 4. Bg5 Nbd7 5. f3 c6 6. e4 h6 7. Bh4 g5 8. Bg3 dxe4 9. fxe4 Bb4 10. Bd3 Nf8 11. a3 Ba5 12. b4 Bc7 13. e5 Ng8 14. Nge2 f5 15. exf6 Bxg3+ 16. Nxg3 Nxf6 17. Be2 Qe7 18. 0-0 N8h7 19. Bh5+ Kd8 20. d5 cxd5 21. cxd5 Bd7 22. dxe6 Qxe6 23. Re1 Qb6+ 24. Kh1 Rc8 25. Na4 Qb5 26. Nc5 Rxc5 27. bxc5 Qxc5 28. Bf3 Re8 29. Rxe8+ Nxe8 30. Bxb7 Nhf6 31. Ne4 Nxe4 32. Bxe4 Nf6 33. Bg6 Ng4 34. Qf3 Nf2+ 35. Kg1 Ne4+ 36. Kh1 Nf2+ 37. Kg1 Ng4+ 38. Kh1 0-1

[Event "Regionalliga NW 9900"]
[Site "Bayern"]
[Date "2000.??.??"]
[Round "4.6"]
[White "Hientz, Werner"]
[Black "Leyh, Martin"]
[Result "1/2-1/2"]
[WhiteElo "1970"]
[BlackElo "1865"]
[PlyCount "30"]
[EventDate "1999.??.??"]
[EventType "team-tourn"]
[EventRounds "9"]
[EventCountry "GER"]
[SourceTitle "EXT 2020"]
[Source "ChessBase"]
[SourceDate "2019.10.17"]
[SourceVersion "1"]
[SourceVersionDate "2019.10.17"]
[SourceQuality "1"]
[WhiteTeam "Marktleuthen"]
[BlackTeam "Sand"]
[WhiteTeamCountry "GER"]
[BlackTeamCountry "GER"]

1. c4 g6 2. Nc3 Bg7 3. Nf3 d6 4. g3 e5 5. Bg2 Nc6 6. 0-0 f5 7. d3 Nf6 8. Rb1 0-0 9. Ne1 Rb8 10. e3 Be6 11. b3 Ne7 12. Ne2 Qd7 13. Bb2 c6 14. d4 e4 15. f4 h6 1/2-1/2